000 00563nam a2200157 a 4500
008 120416s1967 ||||||||||||||||| || u
050 _aHC 905 Hor
100 _aHorwitz, Ralph
245 1 4 _aThe political economy of South Africa
260 _aLondon
_bWeidenfeld and Nicalson
_c1967
300 _a522p.
350 _a0.00
650 0 _aECONOMICS
650 _aECONOMICS--AFRICA--SOUTH--POLITICAL ASPECTS
995 _D0.00
_FCBU-MAIN LIBRARY (Kitwe)
_H1
_I0.00
_M1
_UAVAILABLE
_ZAnnex Low-Usage Collection
999 _c53916
_d53916